Library of the University of Algiers 3
Ibrahim Sultan Cheibout
شعار جامعة الجزائر 3
مكتبة جامعة الجزائر 3
إبراهيم سلطان شيبوط

التخطيط الاستراتيجي الناجح : (رقم التسجيلة. 42005)

تفاصيل مارك
000 -LEADER
fixed length control field 01986nam a2200253Ia 4500
003 - CONTROL NUMBER IDENTIFIER
control field Ost
005 - DATE AND TIME OF LATEST TRANSACTION
control field 20260507074953.0
008 - FIXED-LENGTH DATA ELEMENTS--GENERAL INFORMATION
fixed length control field 260507s9999||||xx |||||||||||||| ||und||
020 ## - INTERNATIONAL STANDARD BOOK NUMBER
International Standard Book Number 9960540332
040 ## - CATALOGING SOURCE
Transcribing agency fsecg
041 ## - LANGUAGE CODE
Language code of text/sound track or separate title ara
082 ## - DEWEY DECIMAL CLASSIFICATION NUMBER
Classification number 378
100 ## - MAIN ENTRY--PERSONAL NAME
Personal name دوريس، مايكل ج.
Relator term مؤلف
245 #0 - TITLE STATEMENT
Title التخطيط الاستراتيجي الناجح :
Remainder of title اتجاهات جديدة للبحث المؤسساتي /
Statement of responsibility, etc. مايكل ج. دوريس
260 ## - PUBLICATION, DISTRIBUTION, ETC.
Place of publication, distribution, etc. الرياض:
Name of publisher, distributor, etc. العبيكان للنشر والتوزيع,
Date of publication, distribution, etc. 2006
300 ## - PHYSICAL DESCRIPTION
Extent 281 صفحة؛
Other physical details إيضاحات ؛
Dimensions 25 سم
504 ## - BIBLIOGRAPHY, ETC. NOTE
Bibliography, etc. note ببليوغرافيا:ص.260-261
520 ## - SUMMARY, ETC.
Summary, etc. أسس التخطيط الاستراتيجي،التخطيط الاستراتيجي في حقل التعليم العالي،الاعتماد كدافع لتطوير الفعالية المؤسساتية،التخطيط الاستراتيجي بحسب بالدريدج،استخدام نتائج أبحاث مؤسساتية غير أساسية في التخطيط الاستراتيجي في الكليات،الربط بين التخطيط والارتقاء بالنوعية والبحث المؤسساتي،التخطيط الاستراتيجي ووضع الميزانية لتحقيق الرسائل الرئيسية،التخطيط المتكامل لعملية الالتحاق والمنشآت والميزانية وتعيين الموظفين،مؤتمرات البحث المستقبلية في جامعة كورنيل،التخطيط الاستراتيجي في كلية مجتمع كارول،نقل الخطة الاستراتيجية من النظرية إلى التطبيق في جامعة -وسكونسن-ماديسون،نماذج ووسائل للتخطيط الاستراتيجي
653 ## - INDEX TERM--UNCONTROLLED
Uncontrolled term التخطيط التربوي
653 ## - INDEX TERM--UNCONTROLLED
Uncontrolled term التعليم العالي
653 ## - INDEX TERM--UNCONTROLLED
Uncontrolled term الولايات المتحدة
700 ## - ADDED ENTRY--PERSONAL NAME
Personal name م.كيلي، جون
Relator term مؤلف ثانوي
942 ## - ADDED ENTRY ELEMENTS (KOHA)
Koha item type كتب
المقتنيات
Withdrawn status Lost status Source of classification or shelving scheme Damaged status Not for loan Home library Current library Date acquired Serial enumeration / chronology Inventory number Total checkouts Full call number Barcode Date last seen Price effective from Koha item type
    Dewey Decimal Classification   NOT LOAN / إعارة داخلية مكتبة كلية العلوم الإقتصادية والعلوم التجارية وعلوم التسيير مكتبة كلية العلوم الإقتصادية والعلوم التجارية وعلوم التسيير 07/05/2026 الطابق الأرضي 2077/1   أ/2539ن1 2077/1 07/05/2026 07/05/2026 كتب
    Dewey Decimal Classification   Available مكتبة كلية العلوم الإقتصادية والعلوم التجارية وعلوم التسيير مكتبة كلية العلوم الإقتصادية والعلوم التجارية وعلوم التسيير 07/05/2026 الطابق الأرضي 2077/2   أ/2539ن2 2077/2 07/05/2026 07/05/2026 كتب
    Dewey Decimal Classification   Available مكتبة كلية العلوم الإقتصادية والعلوم التجارية وعلوم التسيير مكتبة كلية العلوم الإقتصادية والعلوم التجارية وعلوم التسيير 07/05/2026 الطابق الأرضي 2077/3   أ/2539ن3 2077/3 07/05/2026 07/05/2026 كتب
    Dewey Decimal Classification   Available مكتبة كلية العلوم الإقتصادية والعلوم التجارية وعلوم التسيير مكتبة كلية العلوم الإقتصادية والعلوم التجارية وعلوم التسيير 07/05/2026 الطابق الثاني 2077/4   أ/2539ن4 2077/4 07/05/2026 07/05/2026 كتب
    Dewey Decimal Classification   Available مكتبة كلية العلوم الإقتصادية والعلوم التجارية وعلوم التسيير مكتبة كلية العلوم الإقتصادية والعلوم التجارية وعلوم التسيير 07/05/2026 الطابق الثاني 2077/5   أ/2539ن5 2077/5 07/05/2026 07/05/2026 كتب
    Dewey Decimal Classification   Available مكتبة كلية العلوم الإقتصادية والعلوم التجارية وعلوم التسيير مكتبة كلية العلوم الإقتصادية والعلوم التجارية وعلوم التسيير 07/05/2026 مكتبة بن عكنون 2077/6   أ/2539ن6 2077/6 07/05/2026 07/05/2026 كتب
    Dewey Decimal Classification   Available مكتبة كلية العلوم الإقتصادية والعلوم التجارية وعلوم التسيير مكتبة كلية العلوم الإقتصادية والعلوم التجارية وعلوم التسيير 07/05/2026 مكتبة بن عكنون 2077/7   أ/2539ن7 2077/7 07/05/2026 07/05/2026 كتب
    Dewey Decimal Classification   Available مكتبة كلية العلوم الإقتصادية والعلوم التجارية وعلوم التسيير مكتبة كلية العلوم الإقتصادية والعلوم التجارية وعلوم التسيير 07/05/2026 مكتبة بن عكنون 2077/8   أ/2539ن8 2077/8 07/05/2026 07/05/2026 كتب

موارد الويب المفتوحة


© University of Algiers 3 All Rights Reserved
|
Implemented by LECHELAH Riad